Operator methods for optimal control problems /
Guardado en:
| Autor Corporativo: | |
|---|---|
| Otros Autores: | |
| Formato: | Libro |
| Idioma: | English |
| Publicado: |
New York :
M. Dekker,
c1987.
|
| Series: | Lecture notes in pure and applied mathematics ;
v. 108 |
| Materias: | |
| Etiquetas: |
Agregar Etiqueta
Sin Etiquetas, Sea el primero en etiquetar este registro!
|
| LEADER | 02235pam a2200277 a 4500 | ||
|---|---|---|---|
| 001 | MAT.inmabb004229 | ||
| 008 | 870505s1987####nyua#####b####101#0#eng## | ||
| 005 | 20130226125956.0 | ||
| 245 | 0 | 0 | |a Operator methods for optimal control problems / |c edited by Sung J. Lee. |
| 260 | |a New York : |b M. Dekker, |c c1987. | ||
| 300 | |a vii, 316 p. : |b il. ; |c 26 cm. | ||
| 440 | 0 | |a Lecture notes in pure and applied mathematics ; |v v. 108 | |
| 500 | |a Papers from the proceedings of a special session held at the Annual Meeting of the American Mathematical Society, New Orleans, 1986. | ||
| 504 | |a Incluye referencias bibliográficas e índice. | ||
| 510 | 4 | |a MR, |c 88g:93007 | |
| 505 | 0 | |a N. U. Ahmed, Identification of linear operators in differential equations on Banach space -- S. Balakumar and C. Martin, Two-point boundary value problems and the matrix Riccati equations -- Stephen L. Campbell, Operator methods and singular control problems -- G. Chen, S. G. Krantz, D. W. Ma, C. E. Wayne and H. H. West, The Euler-Bernoulli beam equation with boundary energy dissipation -- Ethelbert N. Chukwu, The time-optimal control of nonlinear delay equations -- Richard Datko, Laplace transform techniques in control and stabilization problems -- H. O. Fattorini, Optimal control of nonlinear systems: convergence of suboptimal controls. I -- I. Lasiecka, Exponential stabilization of the wave equations with Dirichlet boundary conditions -- Sung J. Lee and A. N. V. Rao, Stochastic optimal control problem with nonstandard boundary conditions -- Jack W. Macki and Pietro Zecca, Nonsmooth analysis and differential games -- M. Z. Nashed, Operator extremal theory of compensation and representation of systems and control problems -- R. Triggiani, Wave equation on a bounded domain with boundary dissipation: an operator approach. | |
| 020 | |a 0824778111 (pbk.) | ||
| 700 | 1 | |a Lee, Sung J., |d 1942- |4 edt | |
| 710 | 2 | |a American Mathematical Society. |b Meeting |n (92nd : |d 1986 : |c New Orleans, La.) | |
| 650 | 0 | |a Control theory |x Congresses. | |
| 650 | 0 | |a Mathematical optimization |x Congresses. | |
| 650 | 0 | |a Operator theory. | |
| 084 | |a 93-06 (93B28) |2 msc2000 | ||
| 010 | |a 87013451 | ||
| 040 | |a DLC |c DLC |d DLC | ||
| 859 | |h 93 |i Op61 |p A-6357 |b BIB. MATEMATICA | ||
